000 00303nam a22001217a 4500
003 OSt
008 250116b |||||||| |||| 00| 0 eng d
041 _aeng
100 _aLinsley, RK
_96948
245 _aHydrology for Engineers
260 _aNew York:
_bMcGraw Hill International Book,
_c1984.
942 _cBK
999 _c19037
_d19037